[Event "Online Olym Top DivA 2021"]
[Site "chess.com INT"]
[Date "2021.09.08"]
[Round "3.3"]
[Board "3"]
[White "Ryjanova, Julia"]
[Black "Khademalsharieh, Sarasadat"]
[Result "0-1"]
[WhiteTitle "WGM"]
[BlackTitle "IM"]
[WhiteElo "2296"]
[BlackElo "2490"]
[WhiteTeam "Australia"]
[BlackTeam "Iran"]
[WhiteFideId "4127714"]
[BlackFideId "12512214"]
[EventDate "2021.09.08"]
[EventType "team"]

1. d4 Nf6 2. c4 e6 3. Nc3 Bb4 4. e3 O-O 5. Nf3 d5 6. Bd2 c5 7. a3 Bxc3 8. Bxc3
Ne4 9. Rc1 Nxc3 10. Rxc3 cxd4 11. exd4 Nc6 12. cxd5 Qxd5 13. Bc4 Qh5 14. O-O Rd8
15. Qe2 Bd7 16. Rd1 Be8 17. Ba2 Rd6 18. h3 Rad8 19. Qe3 Nxd4 20. Rxd4 Rxd4 21.
Nxd4 Qd1+ 22. Kh2 Qxd4 23. Qxd4 Rxd4 24. Rc8 Kf8 25. Rc7 Rd7 26. Rc2 Ke7 27. Kg3
Rd3+ 28. f3 Bc6 29. Kf2 g5 30. Re2 h5 31. Bc4 Rd4 32. Rc2 g4 33. hxg4 hxg4 34.
Ke3 e5 35. Be2 g3 36. Bd3 Kd6 37. Be4 Rd1 38. Bxc6 bxc6 39. f4 Re1+ 40. Kd2 Rf1
41. fxe5+ Kxe5 42. Ke3 f5 43. Rc5+ Kd6 44. Rc2 f4+ 45. Ke4 Rf2 46. Rc3 Rxb2 47.
Kxf4 Rxg2 48. Kf3 Rg1 49. Kg4 c5 50. Kf3 Kd5 51. Rd3+ Kc6 52. Rc3 a5 53. Re3 Kb5
54. Rc3 c4 55. Kg4 Kc5 56. Kf3 Kd4 57. Rc2 c3 58. Re2 Kd3 59. Re3+ Kd2 60. Re2+
Kd1 61. Re8 c2 62. Rd8+ Kc1 63. Ke2 Kb1 64. Rb8+ Ka2 0-1

[Event "Online Olym Top DivA 2021"]
[Site "chess.com INT"]
[Date "2021.09.08"]
[Round "3.3"]
[Board "4"]
[White "Alinasab, Mobina"]
[Black "Phan, Nguyen Mai Chi"]
[Result "1-0"]
[WhiteTitle "WIM"]
[BlackTitle "WFM"]
[WhiteElo "2309"]
[BlackElo "2139"]
[WhiteTeam "Iran"]
[BlackTeam "Australia"]
[WhiteFideId "12528897"]
[BlackFideId "12401684"]
[EventDate "2021.09.08"]
[EventType "team"]

1. e4 c5 2. Nf3 d6 3. d4 cxd4 4. Nxd4 Nf6 5. Nc3 a6 6. h3 e5 7. Nde2 Be7 8. g4
Be6 9. Ng3 d5 10. g5 Nxe4 11. Ngxe4 dxe4 12. Qxd8+ Kxd8 13. Nxe4 Nc6 14. Be3 Kc7
15. O-O-O Rhd8 16. Bg2 Nb4 17. a3 Nd5 18. Bc5 Rd7 19. Bxe7 Rxe7 20. Nc5 Rd8 21.
Rhe1 Nf4 22. Rxd8 Kxd8 23. Bxb7 Bxh3 24. Bxa6 Bf5 25. b4 f6 26. gxf6 gxf6 27.
Bb7 h5 28. a4 h4 29. a5 Kc7 30. Bh1 Bg4 31. b5 Ne2+ 32. Kb2 Nd4 33. b6+ Kb8 34.
a6 Bf3 35. a7+ Ka8 36. Bxf3+ Nxf3 37. Rd1 Nd4 38. c3 Nc6 39. Rd6 Nxa7 40. Rd8+ 1-0

[Event "Online Olym Top DivA 2021"]
[Site "chess.com INT"]
[Date "2021.09.08"]
[Round "3.3"]
[Board "5"]
[White "Asaka, Samuel"]
[Black "Tabatabaei, M. Amin"]
[Result "0-1"]
[BlackTitle "GM"]
[WhiteElo "2254"]
[BlackElo "2624"]
[WhiteTeam "Australia"]
[BlackTeam "Iran"]
[WhiteFideId "3228690"]
[BlackFideId "12521213"]
[EventDate "2021.09.08"]
[EventType "team"]

1. d4 Nf6 2. c4 e6 3. Nc3 Bb4 4. e3 O-O 5. Bd3 c5 6. Ne2 d5 7. cxd5 cxd4 8. exd4
Qxd5 9. O-O Qh5 10. Qc2 Bd6 11. Nf4 Bxf4 12. Bxf4 Nc6 13. Qa4 Bd7 14. Rfd1 Ne5
15. Bb5 Ng6 16. Bg3 Bxb5 17. Qxb5 Qxb5 18. Nxb5 Rfd8 19. Rac1 a6 20. Nd6 Rd7 21.
Nc8 Nd5 22. Rc5 h5 23. h4 Nge7 24. Nd6 Rad8 25. Ne4 Nf5 26. Kf1 Nde3+ 27. fxe3
Nxe3+ 28. Ke2 Nxd1 29. Rc2 Rxd4 30. Nd2 Rxd2+ 31. Rxd2 Rxd2+ 32. Kxd2 Nxb2 33.
Kc3 Na4+ 34. Kb4 Nb6 0-1

[Event "Online Olym Top DivA 2021"]
[Site "chess.com INT"]
[Date "2021.09.08"]
[Round "3.3"]
[Board "6"]
[White "Asadi, Motahare"]
[Black "Middleton, Jody"]
[Result "1-0"]
[WhiteTitle "WFM"]
[WhiteElo "2093"]
[BlackElo "1850"]
[WhiteTeam "Iran"]
[BlackTeam "Australia"]
[WhiteFideId "12561932"]
[BlackFideId "3215660"]
[EventDate "2021.09.08"]
[EventType "team"]

1. Nf3 d5 2. g3 Bg4 3. Bg2 Nd7 4. d3 e5 5. O-O Bd6 6. e4 d4 7. Nbd2 Ngf6 8. Nc4
Qe7 9. a4 O-O 10. h3 Bh5 11. g4 Bg6 12. Nh4 h6 13. Nf5 Bxf5 14. gxf5 Nh7 15. Qh5
Ndf6 16. Qh4 Rad8 17. Kh1 Qe8 18. f4 exf4 19. Nxd6 Rxd6 20. Bxf4 Ra6 21. e5 Nd7
22. f6 Nxe5 23. fxg7 Kxg7 24. Rae1 Re6 25. Bd5 Qe7 26. Qxe7 Rxe7 27. Bxe5+ f6
28. Bxf6+ Rxf6 29. Rxe7+ Kf8 30. Rxf6+ Nxf6 31. Rf7+ 1-0

[Event "Online Olym Top DivA 2021"]
[Site "chess.com INT"]
[Date "2021.09.08"]
[Round "3.4"]
[Board "1"]
[White "Batchuluun, Tsegmed"]
[Black "Mastrovasilis, Dimitrios"]
[Result "1/2-1/2"]
[WhiteTitle "GM"]
[BlackTitle "GM"]
[WhiteElo "2536"]
[BlackElo "2615"]
[WhiteTeam "Mongolia"]
[BlackTeam "Greece"]
[WhiteFideId "4900847"]
[BlackFideId "4202694"]
[EventDate "2021.09.08"]
[EventType "team"]

1. d4 d5 2. c4 e6 3. Nf3 Nf6 4. g3 dxc4 5. Bg2 a6 6. O-O b5 7. Ne5 Nd5 8. a4 Bb7
9. e4 Nf6 10. axb5 axb5 11. Rxa8 Bxa8 12. Nc3 c6 13. d5 Be7 14. dxe6 fxe6 15.
Qe2 O-O 16. Bh3 Kh8 17. Bxe6 Qe8 18. Ng4 Nbd7 19. e5 Nxg4 20. Bxg4 Nc5 21. Be3
b4 22. Qxc4 Nd7 23. Qd4 bxc3 24. Bxd7 c5 25. Qg4 Qb8 26. bxc3 Qxe5 27. Qe6 Bf6
28. Qxe5 Bxe5 29. c4 Rd8 30. Be6 Rd6 31. Bh3 h6 32. Rc1 Bd4 33. Bxd4 Rxd4 34.
Bf1 Be4 35. Ra1 Kh7 36. Be2 Rd2 37. Kf1 Rc2 38. f3 Bg6 39. Ra5 Rc1+ 40. Kf2 Rc2
41. Ke3 Rc3+ 42. Kd2 Rc2+ 43. Kd1 Rb2 44. Rxc5 Rb1+ 45. Kd2 Rb2+ 46. Ke3 Rb3+
47. Kd4 Rb2 48. Re5 Rd2+ 49. Kc5 Bf7 50. Kc6 Kg6 51. f4 Kf6 52. h4 g5 53. hxg5+
hxg5 54. c5 gxf4 55. gxf4 Rd4 56. Re3 Rxf4 57. Rf3 Rxf3 58. Bxf3 Ke5 59. Kd7 Bb3
60. Kc7 Kd4 61. Kd6 Ba4 62. Bc6 Bd1 63. Bd5 Ba4 64. Be6 Bb5 65. Bd5 Ba4 66. Bc6
Bd1 67. Be8 Bf3 68. Bf7 Be4 69. Be6 Bf3 70. c6 Bxc6 1/2-1/2

[Event "Online Olym Top DivA 2021"]
[Site "chess.com INT"]
[Date "2021.09.08"]
[Round "3.4"]
[Board "2"]
[White "Pavlidis, Antonios"]
[Black "Agibileg, Uurtsaikh"]
[Result "1-0"]
[WhiteTitle "GM"]
[BlackTitle "IM"]
[WhiteElo "2536"]
[BlackElo "2440"]
[WhiteTeam "Greece"]
[BlackTeam "Mongolia"]
[WhiteFideId "4212312"]
[BlackFideId "4901606"]
[EventDate "2021.09.08"]
[EventType "team"]

1. e4 c5 2. Nf3 e6 3. d4 cxd4 4. Nxd4 Nc6 5. c4 Qc7 6. Nc3 Nf6 7. Be2 Be7 8. Be3
O-O 9. O-O Ne5 10. Rc1 d6 11. b3 a6 12. Qd2 b6 13. Rfd1 Bb7 14. f3 Rad8 15. Bf1
Rfe8 16. Qf2 Ned7 17. Kh1 Qb8 18. Qg3 d5 19. Bf4 e5 20. Nf5 Nh5 21. Nxe7+ Rxe7
22. Qh4 Nhf6 23. Bg5 dxe4 24. fxe4 h6 25. Be3 Nc5 26. Bxh6 Ncxe4 27. Nxe4 Bxe4
28. Bg5 Rd4 29. Bxf6 Bxg2+ 30. Bxg2 Rxh4 31. Bxh4 Re8 32. Bd5 Kf8 33. Bc6 Rc8
34. Rd7 f6 35. Rcd1 Re8 36. Be4 b5 37. c5 a5 38. Bf2 a4 39. c6 Qa8 40. Bd5 Re7
41. Bc5 1-0

[Event "Online Olym Top DivA 2021"]
[Site "chess.com INT"]
[Date "2021.09.08"]
[Round "3.4"]
[Board "3"]
[White "Munguntuul, Batkhuyag"]
[Black "Avramidou, Anastasia"]
[Result "1-0"]
[WhiteTitle "IM"]
[BlackTitle "FM"]
[WhiteElo "2433"]
[BlackElo "2225"]
[WhiteTeam "Mongolia"]
[BlackTeam "Greece"]
[WhiteFideId "4900758"]
[BlackFideId "4239873"]
[EventDate "2021.09.08"]
[EventType "team"]

1. e4 e6 2. d4 d5 3. Nc3 Bb4 4. e5 c5 5. a3 Bxc3+ 6. bxc3 Qa5 7. Bd2 Qa4 8. Qg4
Kf8 9. Qd1 Ne7 10. Nf3 c4 11. Be2 Nbc6 12. O-O Ke8 13. Nh4 Bd7 14. f4 Kd8 15.
Bg4 g6 16. Nf3 Kc7 17. Qb1 h6 18. Qb2 Raf8 19. Rfb1 b6 20. Qc1 Nf5 21. Be1 f6
22. exf6 Rxf6 23. Ne5 Nxe5 24. fxe5 Rf7 25. Rb4 Qc6 26. a4 Rhf8 27. h3 g5 28.
Rab1 Rb8 29. Ra1 Rbf8 30. a5 b5 31. a6 Ne7 32. Bf3 Be8 33. Qa3 Nc8 34. Bd2 Nb6
35. Rab1 Rxf3 36. gxf3 Rxf3 37. Kg2 Bh5 38. Rxb5 Qd7 39. Qc5+ Kd8 40. Rxb6 axb6
41. Qxb6+ Ke7 42. a7 Rf8 43. Qc5+ 1-0

[Event "Online Olym Top DivA 2021"]
[Site "chess.com INT"]
[Date "2021.09.08"]
[Round "3.4"]
[Board "4"]
[White "Botsari, Anna-Maria"]
[Black "Batchimeg, Tuvshintugs"]
[Result "1-0"]
[WhiteTitle "WGM"]
[BlackTitle "IM"]
[WhiteElo "2222"]
[BlackElo "2355"]
[WhiteTeam "Greece"]
[BlackTeam "Mongolia"]
[WhiteFideId "4200446"]
[BlackFideId "4900839"]
[EventDate "2021.09.08"]
[EventType "team"]

1. d4 Nf6 2. c4 g6 3. Nf3 Bg7 4. e3 O-O 5. Be2 d5 6. cxd5 Nxd5 7. e4 Nb6 8. O-O
Bg4 9. Nbd2 Nc6 10. d5 Ne5 11. h3 Nxf3+ 12. Nxf3 Bxf3 13. Bxf3 c6 14. Qb3 Qd6
15. Be3 cxd5 16. exd5 Rac8 17. Rac1 Qf6 18. Qb4 Rfe8 19. b3 Rc3 20. Rxc3 Qxc3
21. Qb5 Rd8 22. a4 Bd4 23. Bxd4 Qxd4 24. Rd1 a6 25. Rxd4 axb5 26. Rb4 Nxd5 27.
Rxb5 e6 28. Rxb7 Kg7 29. a5 Rc8 30. a6 Rc1+ 31. Kh2 Ra1 32. a7 Kf6 33. h4 h5 34.
Kg3 Ra3 35. Bxd5 exd5 36. Kf4 Ke6 37. b4 f5 38. g3 d4 39. b5 Ra2 40. b6 Rxf2+
41. Kg5 Ra2 42. Rb8 1-0

[Event "Online Olym Top DivA 2021"]
[Site "chess.com INT"]
[Date "2021.09.08"]
[Round "3.4"]
[Board "5"]
[White "Batsuren, Dambasuren"]
[Black "Ioannidis, Evgenios"]
[Result "1/2-1/2"]
[WhiteTitle "GM"]
[BlackTitle "IM"]
[WhiteElo "2501"]
[BlackElo "2445"]
[WhiteTeam "Mongolia"]
[BlackTeam "Greece"]
[WhiteFideId "4902920"]
[BlackFideId "4229274"]
[EventDate "2021.09.08"]
[EventType "team"]

1. d4 Nf6 2. c4 g6 3. Nc3 d5 4. cxd5 Nxd5 5. Bd2 Bg7 6. e4 Nxc3 7. Bxc3 O-O 8.
Qd2 c5 9. d5 Bxc3 10. bxc3 e6 11. Bc4 exd5 12. Bxd5 Nd7 13. Nf3 Nf6 14. O-O Nxd5
15. exd5 Qf6 16. Rfe1 Rd8 17. c4 b5 18. cxb5 Bb7 19. Qe3 Bxd5 20. Ne5 Be6 21.
Nc6 Rd5 22. a4 Kg7 23. Rac1 c4 24. Red1 Rg5 25. f4 Rh5 26. Qd4 Qxd4+ 27. Nxd4
Bg4 28. Re1 Rc5 29. h3 Bf5 30. Re7 Rd8 31. Nc6 Rd2 32. Nxa7 Rb2 33. Re3 Be6 34.
Nc6 Bd5 35. Nd4 Rxg2+ 36. Kf1 Ra2 37. b6 Rxa4 38. Rb1 c3 39. Nc2 Raa5 40. Re5
Bb7 41. Rxc5 Rxc5 42. Ke2 f5 43. Rb3 Kf6 44. Kd3 Ke7 45. Rxc3 Be4+ 46. Kd4 Rb5
47. Rc7+ Kd6 48. Ne3 Rxb6 49. Rxh7 Rb3 50. Nc4+ Ke6 51. Ne5 Rg3 52. h4 Rg1 53.
Rh6 Rd1+ 54. Ke3 Re1+ 55. Kf2 Rh1 56. Rxg6+ Ke7 57. Rg1 Rh3 58. Rg3 Rh2+ 59. Ke3
Rh1 60. Rg8 Kf6 61. Rg6+ Ke7 62. Rh6 Kf8 63. h5 Kg7 64. Rg6+ Kh7 65. Rg5 Rh4 66.
Nf7 Bd5 67. Nd6 Be6 68. Nxf5 Bxf5 69. Rxf5 Rh1 70. Rg5 Ra1 71. Kf3 Ra3+ 72. Kg4
Ra4 73. Rg6 Ra1 74. Kg5 Rg1+ 75. Kf6 Rh1 76. h6 Ra1 77. f5 Rb1 78. Kg5 Rg1+ 79.
Kf6 Ra1 80. Ke5 Re1+ 81. Kd4 Rd1+ 82. Ke3 Re1+ 83. Kf2 Re5 84. Rf6 Ra5 85. Kf3
Ra1 86. Re6 Rf1+ 87. Kg4 Rg1+ 88. Kf4 Rf1+ 89. Ke5 Ra1 90. Rd6 Re1+ 91. Kd5 Rd1+
92. Ke6 Re1+ 93. Kf7 Ra1 94. Re6 Ra7+ 95. Re7 Ra6 96. Re6 Ra7+ 97. Ke8 Ra8+ 98.
Kd7 Ra7+ 99. Kd6 Ra6+ 100. Ke5 Ra1 101. Rg6 Ra5+ 102. Kf4 Ra1 103. Rg2 Kxh6 104.
f6 Rf1+ 105. Ke5 Kh7 106. Ke6 Ra1 107. Rg7+ Kh6 108. Rd7 Kg6 109. Rg7+ Kh6 110.
Rg8 Ra6+ 111. Ke5 Ra5+ 112. Ke4 Ra4+ 113. Kd5 Ra5+ 114. Kd6 Ra6+ 115. Ke5 Ra5+
116. Kf4 Ra4+ 117. Kg3 Ra3+ 118. Kf2 Ra6 119. Rf8 Kg6 120. f7 Rf6+ 121. Kg3 Rxf7
122. Rxf7 Kxf7 1/2-1/2

[Event "Online Olym Top DivA 2021"]
[Site "chess.com INT"]
[Date "2021.09.08"]
[Round "3.4"]
[Board "6"]
[White "Tsivelekidou, Evgenia"]
[Black "Tsogzolmaa, Nanjid"]
[Result "0-1"]
[WhiteElo "1972"]
[BlackElo "1895"]
[WhiteTeam "Greece"]
[BlackTeam "Mongolia"]
[WhiteFideId "4274830"]
[BlackFideId "4903099"]
[EventDate "2021.09.08"]
[EventType "team"]

1. d4 e6 2. c4 d5 3. Nf3 Nf6 4. g3 dxc4 5. Qa4+ Bd7 6. Qxc4 Bc6 7. Bg2 Nbd7 8.
Nc3 Nb6 9. Qd3 Bb4 10. Bg5 O-O 11. Bxf6 Qxf6 12. O-O Rad8 13. e4 a6 14. Rfe1
Bxc3 15. bxc3 Bb5 16. Qc2 c5 17. a4 Bc6 18. Qb3 Nd7 19. d5 exd5 20. exd5 c4 21.
Qxc4 Nb6 22. Qc5 Bxd5 23. Nd4 Bxg2 24. Kxg2 Rc8 25. Qb4 h6 26. a5 Nd5 27. Qxb7
Nxc3 28. Nf3 Nb5 29. Rac1 Rcd8 30. Rc6 Rd6 31. Rec1 Rfd8 32. Qxa6 Nd4 33. Nxd4
Qxd4 34. Rxd6 Rxd6 35. Qc8+ Rd8 36. Qc6 Qa7 37. Qb6 Qa8+ 38. Kg1 Rb8 39. Qc5 g6
40. Ra1 Qa6 41. Rc1 Kh7 42. Qc7 Rb7 43. Qc5 Rb5 44. Qc7 Rb7 45. Qe5 Rb5 46. Qe7
Rf5 0-1

[Event "Online Olym Top DivA 2021"]
[Site "chess.com INT"]
[Date "2021.09.08"]
[Round "3.5"]
[Board "3"]
[White "Sukandar, Irine Kharisma"]
[Black "Ju, Wenjun"]
[Result "0-1"]
[WhiteTitle "IM"]
[BlackTitle "GM"]
[WhiteElo "2406"]
[BlackElo "2560"]
[WhiteTeam "Indonesia"]
[BlackTeam "China"]
[WhiteFideId "7101937"]
[BlackFideId "8603006"]
[EventDate "2021.09.08"]
[EventType "team"]

1. e4 e5 2. Nf3 Nc6 3. Bc4 Bc5 4. c3 Nf6 5. d3 d6 6. Bb3 h6 7. Nbd2 O-O 8. h3 a6
9. Nf1 d5 10. Qe2 Be6 11. g4 dxe4 12. dxe4 Qd7 13. g5 hxg5 14. Bxg5 Nh7 15. Be3
Bxe3 16. Nxe3 Bxb3 17. axb3 Rad8 18. Nd5 f5 19. O-O-O Qf7 20. Nh4 fxe4 21. Qxe4
Ng5 22. Qg2 Qh5 23. Nf5 Rxf5 24. Ne7+ Nxe7 25. Rxd8+ Kh7 26. Rd7 Rf7 27. Re1 Nc6
28. Rxf7 Nxf7 29. Re4 g6 30. Rg4 Kg7 31. Kb1 Qf5+ 32. Ka2 a5 33. Rg3 e4 34. Rg4
Nd6 35. Rg5 Qe6 36. Qg4 Qxg4 37. hxg4 Kf6 38. Rd5 b6 39. Ka3 Ne5 40. g5+ Ke6 41.
Rd1 Nf3 42. b4 axb4+ 43. Kxb4 Nxg5 44. c4 c5+ 45. Kc3 Nh3 46. Rg1 Nxg1 0-1

[Event "Online Olym Top DivA 2021"]
[Site "chess.com INT"]
[Date "2021.09.08"]
[Round "3.5"]
[Board "4"]
[White "Lei, Tingjie"]
[Black "Sihite, Chelsie Monica Ignesias"]
[Result "1-0"]
[WhiteTitle "GM"]
[BlackTitle "WIM"]
[WhiteElo "2505"]
[BlackElo "2252"]
[WhiteTeam "China"]
[BlackTeam "Indonesia"]
[WhiteFideId "8605114"]
[BlackFideId "7101198"]
[EventDate "2021.09.08"]
[EventType "team"]

1. e4 e5 2. Nf3 Nc6 3. Bb5 a6 4. Ba4 Nf6 5. O-O b5 6. Bb3 Be7 7. Re1 O-O 8. h3
d6 9. c3 Na5 10. Bc2 c5 11. d4 Nc6 12. d5 Nb8 13. a4 b4 14. a5 bxc3 15. bxc3 h6
16. Nbd2 Nh7 17. Nc4 Ng5 18. Nh2 Nd7 19. f4 Nh7 20. Ng4 exf4 21. Bxf4 Ndf6 22.
Nxf6+ Nxf6 23. Qd3 Ra7 24. Rad1 Nh5 25. e5 g6 26. Bxh6 Bf5 27. Qd2 Bxc2 28. Qxc2
Bh4 29. Bxf8 Kxf8 30. Rf1 Qg5 31. e6 Nf4 32. Rxf4 Qxf4 33. Qe2 Bg3 34. Rf1 Qg5
35. Nb6 Rc7 36. Nd7+ Rxd7 37. exd7 Be5 38. Qxa6 Kg7 39. Qd3 Qd8 40. a6 Qxd7 41.
Rb1 c4 42. Qe3 Qf5 43. Ra1 Bf4 44. Qf3 Qe5 45. a7 Be3+ 46. Kh1 Bxa7 47. Rxa7
Qe1+ 48. Kh2 Qe5+ 49. Qg3 Qxd5 50. Rd7 1-0

[Event "Online Olym Top DivA 2021"]
[Site "chess.com INT"]
[Date "2021.09.08"]
[Round "3.5"]
[Board "5"]
[White "Tarigan, Gilbert Elroy"]
[Black "Xu, Zhihang"]
[Result "0-1"]
[WhiteTitle "IM"]
[BlackTitle "IM"]
[WhiteElo "2149"]
[BlackElo "2515"]
[WhiteTeam "Indonesia"]
[BlackTeam "China"]
[WhiteFideId "7108133"]
[BlackFideId "8611572"]
[EventDate "2021.09.08"]
[EventType "team"]

1. d4 Nf6 2. Nf3 g6 3. c4 Bg7 4. g3 O-O 5. Bg2 d6 6. O-O Nc6 7. Nc3 e5 8. d5 Nb8
9. e4 a5 10. Ne1 Na6 11. Nd3 Nd7 12. f4 exf4 13. Bxf4 Nac5 14. Nxc5 Nxc5 15. Qd2
Bd7 16. Bg5 Qe8 17. Bf6 Bxf6 18. Rxf6 Qe5 19. Raf1 Rae8 20. Kh1 Kg7 21. Qf2 Bf5
22. Rxf5 gxf5 23. exf5 Qf6 24. g4 Kh8 25. h3 Rg8 26. Qd2 Re5 27. Nb5 Re7 28. Nd4
Ne4 29. Qd3 Rge8 30. Ne6 fxe6 31. Qd4 Qxd4 0-1

[Event "Online Olym Top DivA 2021"]
[Site "chess.com INT"]
[Date "2021.09.08"]
[Round "3.5"]
[Board "6"]
[White "Zhu, Jiner"]
[Black "Nur Abidah, Shanti"]
[Result "1-0"]
[WhiteTitle "WGM"]
[BlackTitle "WIM"]
[WhiteElo "2455"]
[BlackElo "1986"]
[WhiteTeam "China"]
[BlackTeam "Indonesia"]
[WhiteFideId "8608059"]
[BlackFideId "7104898"]
[EventDate "2021.09.08"]
[EventType "team"]

1. e4 d5 2. exd5 Qxd5 3. Nc3 Qa5 4. d4 Nf6 5. Bc4 c6 6. Nf3 Bf5 7. Bd2 e6 8. Nd5
Qd8 9. Nxf6+ gxf6 10. Qe2 Bxc2 11. O-O Bg6 12. Rfe1 Qd6 13. a3 a5 14. Rad1 Nd7
15. Bc3 Be7 16. d5 cxd5 17. Bxd5 exd5 18. Rxd5 Qe6 19. Qd1 Be4 20. Rd4 Bxf3 21.
Qxf3 Ne5 22. Qg3 Bd6 23. Kh1 O-O-O 24. Bxa5 Nc6 25. Rxe6 Bxg3 26. Rxc6+ bxc6 27.
Rxd8+ Rxd8 28. Bxd8 Bxf2 29. Bxf6 Kd7 30. g4 Ke6 31. Bc3 Kd5 32. Kg2 Be3 33. Kf3
Bc1 34. Bf6 c5 35. h3 c4 36. Bc3 Bg5 37. a4 Bc1 38. a5 Kc5 39. Ke4 Bh6 40. Kf5
Kb5 41. Kf6 Be3 42. Kxf7 Ka4 43. Ke6 Kb3 44. Kd5 Ba7 45. a6 Bb6 46. Kc6 Be3 47.
Kb7 1-0

[Event "Online Olym Top DivA 2021"]
[Site "chess.com INT"]
[Date "2021.09.09"]
[Round "4.1"]
[Board "3"]
[White "Abdumalik, Zhansaya"]
[Black "Hou, Yifan"]
[Result "1-0"]
[WhiteTitle "GM"]
[BlackTitle "GM"]
[WhiteElo "2502"]
[BlackElo "2658"]
[WhiteTeam "Kazakhstan"]
[BlackTeam "China"]
[WhiteFideId "13703544"]
[BlackFideId "8602980"]
[EventDate "2021.09.08"]
[EventType "team"]

1. e4 e5 2. Nf3 Nf6 3. Nxe5 d6 4. Nf3 Nxe4 5. Nc3 Nxc3 6. dxc3 Be7 7. Be3 Nc6 8.
Bd3 Bg4 9. h3 Bh5 10. g4 Bg6 11. Qe2 Qd7 12. O-O-O Bxd3 13. Qxd3 h5 14. g5 O-O-O
15. Nd4 Ne5 16. Qe4 Rhe8 17. Nb3 Qc6 18. Qd4 b6 19. Kb1 f6 20. f4 Nc4 21. Bc1 d5
22. Qd3 Bf8 23. Rhe1 Rxe1 24. Rxe1 Qd7 25. Nd4 fxg5 26. fxg5 Kb7 27. Qg6 Bd6 28.
Qxh5 c5 29. Ne6 Rc8 30. g6 Be5 31. Qf5 Ka6 32. Rxe5 Nxe5 33. Qxe5 Rc6 34. Nf4 d4
35. cxd4 cxd4 36. h4 Rc5 37. Qe2+ Kb7 38. h5 Rf5 39. Qe4+ Ka6 40. a3 Rf6 41. Nd3
Re6 42. Nb4+ Ka5 43. Qf5+ b5 44. h6 gxh6 45. g7 Qe8 46. Qf8 Re1 47. Nd3 1-0

[Event "Online Olym Top DivA 2021"]
[Site "chess.com INT"]
[Date "2021.09.09"]
[Round "4.1"]
[Board "4"]
[White "Ju, Wenjun"]
[Black "Saduakassova, Dinara"]
[Result "1/2-1/2"]
[WhiteTitle "GM"]
[BlackTitle "IM"]
[WhiteElo "2560"]
[BlackElo "2489"]
[WhiteTeam "China"]
[BlackTeam "Kazakhstan"]
[WhiteFideId "8603006"]
[BlackFideId "13700090"]
[EventDate "2021.09.08"]
[EventType "team"]

1. d4 Nf6 2. c4 e6 3. Nf3 b6 4. g3 Ba6 5. Nbd2 d5 6. Bg2 Bd6 7. O-O O-O 8. b3
Nbd7 9. Bb2 Bb7 10. Ne5 Rc8 11. Rc1 c5 12. Nxd7 Nxd7 13. cxd5 exd5 14. Nc4 dxc4
15. Bxb7 Rc7 16. Bg2 cxb3 17. dxc5 Nxc5 18. axb3 Qe7 19. Qd4 Ne6 20. Qg4 Rxc1
21. Rxc1 Ba3 22. Bxa3 Qxa3 23. Rb1 Rd8 24. Qa4 Qxa4 25. bxa4 g6 26. e3 Nc5 27.
Ra1 Rd2 28. a5 Nd3 29. axb6 axb6 30. f4 Kg7 31. Rb1 Nb2 32. Bf1 f5 33. Rc1 Nd1
34. Rc7+ Kf8 35. Rc8+ Kg7 36. Rc7+ Kf8 37. Rc8+ Kg7 38. Rc7+ 1/2-1/2

[Event "Online Olym Top DivA 2021"]
[Site "chess.com INT"]
[Date "2021.09.09"]
[Round "4.1"]
[Board "5"]
[White "Zhalmakhanov, Ramazan"]
[Black "Xu, Zhihang"]
[Result "1-0"]
[WhiteTitle "IM"]
[BlackTitle "IM"]
[WhiteElo "2414"]
[BlackElo "2515"]
[WhiteTeam "Kazakhstan"]
[BlackTeam "China"]
[WhiteFideId "13706357"]
[BlackFideId "8611572"]
[EventDate "2021.09.08"]
[EventType "team"]

1. d4 Nf6 2. Nc3 d5 3. Bf4 e6 4. Nb5 Na6 5. e3 Be7 6. Nf3 O-O 7. h4 c6 8. Nc3
Qa5 9. Bd3 c5 10. O-O Nb4 11. Be2 c4 12. Ne5 Nd7 13. h5 Nxe5 14. Bxe5 Nc6 15.
Bf4 Bf6 16. h6 g6 17. Bg4 Rd8 18. Qf3 Be7 19. Qg3 Qb4 20. Rab1 Bf6 21. e4 Nxd4
22. Rfd1 Qe7 23. Bc7 Re8 24. Bd6 Qd8 25. Bc7 Qe7 26. exd5 Bh4 27. Qe5 Bf6 28.
Qg3 Bh4 29. Qf4 e5 30. Bxe5 Bxg4 31. Rxd4 f5 32. Bg7 Bg5 33. Qg3 b5 34. d6 Qd7
35. Nd5 Re2 36. Bf6 Bxh6 37. Qh4 Bf8 38. Be7 Bg7 39. Bf6 Bf8 40. Be5 Qe6 41.
Nf6+ Kf7 42. Nxg4 h5 43. d7 fxg4 44. Rf4+ Kg8 45. d8=Q 1-0

[Event "Online Olym Top DivA 2021"]
[Site "chess.com INT"]
[Date "2021.09.09"]
[Round "4.1"]
[Board "6"]
[White "Zhu, Jiner"]
[Black "Assaubayeva, Bibisara"]
[Result "0-1"]
[WhiteTitle "WGM"]
[BlackTitle "IM"]
[WhiteElo "2455"]
[BlackElo "2400"]
[WhiteTeam "China"]
[BlackTeam "Kazakhstan"]
[WhiteFideId "8608059"]
[BlackFideId "13708694"]
[EventDate "2021.09.08"]
[EventType "team"]

1. e4 c5 2. Nf3 d6 3. Bb5+ Nd7 4. d4 cxd4 5. Qxd4 a6 6. Bxd7+ Bxd7 7. Nc3 e5 8.
Qd3 h6 9. Nd2 Nf6 10. Nc4 Be6 11. Ne3 Be7 12. O-O Rc8 13. Rd1 O-O 14. a4 Qc7 15.
a5 Rfd8 16. Bd2 Qb8 17. Be1 Qa7 18. Kh1 Bf8 19. f3 Rd7 20. Ncd5 Bxd5 21. exd5
Rdc7 22. c4 Nh5 23. g3 Nf6 24. b4 e4 25. fxe4 Re8 26. Bf2 Nxe4 27. Bg1 Qb8 28.
Re1 Qc8 29. Kg2 h5 30. Re2 h4 31. Rae1 h3+ 32. Kh1 Rce7 33. Rc2 Re5 34. Qf1 g6
35. Qf3 Ng5 36. Qf1 Qd7 37. Rce2 Bg7 38. Qf4 Qa4 39. Rb1 Qa3 40. Nc2 Qa2 41.
Rxe5 Bxe5 0-1

[Event "Online Olym Top DivA 2021"]
[Site "chess.com INT"]
[Date "2021.09.09"]
[Round "4.2"]
[Board "1"]
[White "Pavlidis, Antonios"]
[Black "Priasmoro, Novendra"]
[Result "0-1"]
[WhiteTitle "GM"]
[BlackTitle "GM"]
[WhiteElo "2536"]
[BlackElo "2502"]
[WhiteTeam "Greece"]
[BlackTeam "Indonesia"]
[WhiteFideId "4212312"]
[BlackFideId "7105029"]
[EventDate "2021.09.08"]
[EventType "team"]

1. e4 c5 2. Nf3 Nc6 3. Bb5 g6 4. Bxc6 bxc6 5. d4 cxd4 6. Qxd4 Nf6 7. e5 Nd5 8.
O-O Bg7 9. Qh4 d6 10. Bh6 O-O 11. Nbd2 dxe5 12. Bxg7 Kxg7 13. Nxe5 Qc7 14. Rfe1
f6 15. Nd3 e5 16. Ne4 Bf5 17. Nec5 Rfe8 18. Re2 e4 19. Ne1 Nf4 20. Re3 g5 21.
Qg3 Qe7 22. h4 Qxc5 23. hxg5 Ng6 24. gxf6+ Kxf6 25. Qh2 Qe5 26. g3 Qxb2 27. Rd1
Rad8 28. Rxd8 Rxd8 29. Qxh7 Qb6 30. g4 Bxg4 31. Qh2 Bf5 32. Qg3 Qb8 33. Qg2 Nf4
34. Qf1 Rg8+ 35. Rg3 Nh3+ 36. Kg2 Nf4+ 37. Kg1 Bg4 0-1